Non vegiterian Dishes (Record no. 11131)

MARC details
000 -LEADER
fixed length control field 00268nam a22000977a 4500
008 - FIXED-LENGTH DATA ELEMENTS--GENERAL INFORMATION
fixed length control field 180922b ||||| |||| 00| 0 eng d
020 ## - INTERNATIONAL STANDARD BOOK NUMBER
International Standard Book Number 97817676016
100 ## - MAIN ENTRY--PERSONAL NAME
Personal name Kshetrapal, Anu
9 (RLIN) 6895
245 ## - TITLE STATEMENT
Title Non vegiterian Dishes
260 ## - PUBLICATION, DISTRIBUTION, ETC. (IMPRINT)
Place of publication, distribution, etc. New Delhi
Name of publisher, distributor, etc. Nita Mehta Publication
Date of publication, distribution, etc. 2008
Holdings
Withdrawn status Lost status Source of classification or shelving scheme Damaged status Koha normalized classification for sorting Not for loan Home library Current library Shelving location Date acquired Total Checkouts Full call number Barcode Date last seen Price effective from Koha item type
    Dewey Decimal Classification   KSH_641_000000000000000_C7   Good Samaritan School Library Good Samaritan School Library Home Science 09/22/2018   KSH641 C-7 KSH15109 09/22/2018 09/22/2018 BOOK

Powered by Koha